| 000 | 00777nam a22002055i 4500 | ||
|---|---|---|---|
| 001 | 167035 | ||
| 003 | ES-MaACL | ||
| 005 | 20230906213439.0 | ||
| 008 | 050923s1869 sp | |||||||| ||spa d | ||
| 040 |
_aCAM _bspa _cCAM |
||
| 100 | 1 |
_aVassallo, F. de P. _9133569 |
|
| 245 | 1 | 3 |
_aUn capítulo para la historia del alzamiento de Sevilla en la tarde del 19 de setiembre de 1868 / _c[F. de P. Vassallo]. |
| 260 |
_aMadrid : _bImprenta y librería de Miguel Guijarro, _c1869. |
||
| 300 |
_a39 p. ; _c22 cm. |
||
| 594 | _aFirma el texto en pag.39: F. de P. Vassallo. | ||
| 651 | 4 |
_aSevilla- _xHistoria- _y1868. _9224492 |
|
| 752 |
_aEspaña - _dMadrid |
||
| 852 |
_aES-MaACL _jFol-Laf-383 _z-- Rust. falto de la cub. posterior _z-- Legado M. de la Fuente |
||
| 999 |
_c167035 _d167035 |
||